| 000 | 00485nam a2200157 a 4500 | ||
|---|---|---|---|
| 001 | 000032501 | ||
| 005 | 20240304185510.0 | ||
| 008 | 110718s19uu dr 000 0 spa d | ||
| 040 |
_aDO-SdBNP _bspa _cBNPHU |
||
| 100 | 1 |
_a Silié Gatón, José A., _d1920-2014 _9747 |
|
| 245 | 1 | 0 |
_aManual del registro electoral / _cJosé A. Silie Gastón ; J. A. S. G. |
| 260 |
_a[Santo Domingo] : _b[s.n.], _c[19--]. |
||
| 300 |
_a162 p. ; _c23 cm. |
||
| 500 | _aBibliografía : P.159 | ||
| 049 | _aBNPD | ||
| 999 |
_c31992 _d31992 |
||